[Event "Oberliga Baden 1213"]
[Site "Baden"]
[Date "2013.02.03"]
[Round "6.5"]
[White "Fernandez Aguado, Juan Luis"]
[Black "Kresovic, Velimir"]
[Result "1-0"]
[WhiteElo "2292"]
[BlackElo "2235"]
[PlyCount "127"]
[EventDate "2012.10.14"]
[EventType "team-tourn"]
[EventRounds "9"]
[EventCountry "GER"]
[SourceTitle "EXT 2014"]
[Source "ChessBase"]
[SourceDate "2013.11.20"]
[SourceVersion "1"]
[SourceVersionDate "2013.11.20"]
[SourceQuality "1"]
[WhiteTeam "Dreisamtal"]
[BlackTeam "Kuppenheim"]
[WhiteTeamCountry "GER"]
[BlackTeamCountry "GER"]

1. g3 Nf6 2. Bg2 d5 3. d3 e5 4. c4 dxc4 5. Qa4+ Bd7 6. Qxc4 Bc6 7. e4 Na6 8. Nf3 Bb4+ 9. Nbd2 Qe7 10. a3 Bd6 11. b4 Bd7 12. Bb2 b5 13. Qc2 c5 14. 0-0 Rc8 15. Qb1 Bb8 16. bxc5 Nxc5 17. Nxe5 Bxe5 18. d4 Bb8 19. dxc5 Rxc5 20. Bd4 Rh5 21. Qb4 Be5 22. Bxe5 Rxe5 23. f4 Rc5 24. Rfc1 Rxc1+ 25. Rxc1 Qe6 26. e5 Qb6+ 27. Qc5 Ng4 28. Qxb6 axb6 29. Rc7 Kd8 30. Ra7 Re8 31. Ne4 f6 32. exf6 Nxf6 33. Nxf6 gxf6 34. Kf2 f5 35. Ra8+ Kc7 36. Rxe8 Bxe8 37. Ke3 Kd6 38. Kd4 h6 39. Bf1 Bc6 40. Be2 Be8 41. Bd3 Bd7 42. h3 Ke6 43. Kc3 Kd5 44. Kb4 Kd4 45. Bxb5 Bc8 46. Bc6 Ba6 47. g4 fxg4 48. hxg4 Be2 49. Bd7 Ke4 50. g5 hxg5 51. fxg5 Ke5 52. Bb5 Bf3 53. Bd3 Bc6 54. Kc4 Be8 55. g6 Kf6 56. Kd5 Ba4 57. Kd6 Be8 58. Kc7 b5 59. Be4 Ke5 60. Bd3 Kd4 61. g7 Bf7 62. Bxb5 Kc3 63. a4 Bb3 64. Kd7 1-0

[Event "Oberliga Baden 1213"]
[Site "Baden"]
[Date "2012.11.25"]
[Round "3.5"]
[White "Becker, Matthias1111"]
[Black "Kresovic, Velimir"]
[Result "0-1"]
[WhiteElo "1979"]
[BlackElo "2235"]
[PlyCount "78"]
[EventDate "2012.10.14"]
[EventType "team-tourn"]
[EventRounds "9"]
[EventCountry "GER"]
[SourceTitle "EXT 2014"]
[Source "ChessBase"]
[SourceDate "2013.11.20"]
[SourceVersion "1"]
[SourceVersionDate "2013.11.20"]
[SourceQuality "1"]
[WhiteTeam "Buchen"]
[BlackTeam "Kuppenheim"]
[WhiteTeamCountry "GER"]
[BlackTeamCountry "GER"]

1. e4 c5 2. Nf3 e6 3. d4 cxd4 4. Nxd4 Nf6 5. Nc3 d6 6. g4 h6 7. Bg2 Nc6 8. h3 Bd7 9. Be3 Ne5 10. Qe2 Rc8 11. Nb3 Nc4 12. 0-0-0 Qc7 13. Bd4 Be7 14. Rhe1 e5 15. Nd5 Nxd5 16. exd5 Bg5+ 17. Kb1 0-0 18. Bc3 a5 19. Be4 a4 20. Nd2 Na3+ 21. Ka1 Nb5 22. Nb1 a3 23. Rd3 axb2+ 24. Bxb2 Qxc2 25. Rb3 Qc5 26. Rd1 Ra8 27. Bd3 Nd4 28. Bxd4 exd4 29. f4 Rfe8 30. Qf3 Re3 31. Qf2 Bf6 32. Rb2 Ba4 33. Rdd2 Bd7 34. Qg2 g6 35. Rbc2 Qa5 36. Rb2 b5 37. Rb3 b4 38. g5 hxg5 39. fxg5 Be5 0-1

[Event "Oberliga Baden 1112"]
[Site "Germany"]
[Date "2012.01.15"]
[Round "5.3"]
[White "Kresovic, Velimir"]
[Black "Tompa, Janos"]
[Result "0-1"]
[WhiteElo "2241"]
[BlackElo "2397"]
[PlyCount "100"]
[EventDate "2011.10.02"]
[EventType "team-tourn"]
[EventRounds "9"]
[EventCountry "GER"]
[SourceTitle "EXT 2013"]
[Source "ChessBase"]
[SourceDate "2012.11.22"]
[SourceVersion "1"]
[SourceVersionDate "2012.11.22"]
[SourceQuality "1"]
[WhiteTeam "Kuppenheim"]
[BlackTeam "Kirchheim"]
[WhiteTeamCountry "GER"]
[BlackTeamCountry "GER"]

1. e4 c5 2. Nf3 e6 3. d4 cxd4 4. Nxd4 Nc6 5. Nb5 d6 6. c4 Nf6 7. N1c3 a6 8. Na3 Be7 9. Be2 b6 10. Be3 Ne5 11. Rc1 Bb7 12. f3 Ned7 13. 0-0 0-0 14. Qd2 Rc8 15. Rfd1 Qc7 16. Qe1 Qb8 17. Qf2 Bd8 18. Kh1 Kh8 19. Rc2 Ba8 20. Rcd2 Bc7 21. Bf4 Ne5 22. Bg5 Ned7 23. Qh4 Ng8 24. Bd3 Ne5 25. Bb1 f6 26. Be3 g5 27. Qh3 Rce8 28. f4 gxf4 29. Bxf4 Re7 30. Ne2 Qe8 31. Qc3 Qg6 32. Qd4 Nh6 33. Bg3 Nhf7 34. Bc2 Ng5 35. Nf4 Qh6 36. Nb1 Rg8 37. Ne2 Ng4 38. Nbc3 d5 39. Qg1 dxe4 40. Rd7 Bxg3 41. Nxg3 e3 42. Rxe7 Nf2+ 43. Qxf2 exf2 44. Rf1 f5 45. Rxf2 Nh3 46. Re2 Rxg3 47. hxg3 Nf4+ 48. Kg1 Nxe2+ 49. Nxe2 Qe3+ 50. Kh2 Qxe2 0-1

[Event "Oberliga Baden 1112"]
[Site "Germany"]
[Date "2011.10.23"]
[Round "2.4"]
[White "Kresovic, Velimir"]
[Black "Schulte, Torsten"]
[Result "1-0"]
[WhiteElo "2241"]
[BlackElo "2188"]
[PlyCount "109"]
[EventDate "2011.10.02"]
[EventType "team-tourn"]
[EventRounds "9"]
[EventCountry "GER"]
[SourceTitle "EXT 2013"]
[Source "ChessBase"]
[SourceDate "2012.11.22"]
[SourceVersion "1"]
[SourceVersionDate "2012.11.22"]
[SourceQuality "1"]
[WhiteTeam "Kuppenheim"]
[BlackTeam "Eppingen II"]
[WhiteTeamCountry "GER"]
[BlackTeamCountry "GER"]

1. e4 e5 2. Nf3 Nc6 3. d4 exd4 4. Nxd4 Nf6 5. Nxc6 bxc6 6. e5 Qe7 7. Qe2 Nd5 8. c4 Nb6 9. Nd2 Bb7 10. b3 0-0-0 11. Bb2 d5 12. exd6 Qxd6 13. 0-0-0 Qf4 14. g3 Qh6 15. Bg2 Bb4 16. f4 Bxd2+ 17. Rxd2 Rxd2 18. Qxd2 Rd8 19. Qe2 Qg6 20. Qe7 Qd3 21. Bh3+ Kb8 22. Bf5 Qd2+ 23. Kb1 g6 24. Bc2 Qd7 25. Qf6 Re8 26. Rd1 Qe7 27. Qc3 Bc8 28. a4 Bg4 29. Rc1 h5 30. Ka2 Qe3 31. Qg7 Qe6 32. Bc3 Bf3 33. Qd4 Qd7 34. Qf2 Bg4 35. Be5 Rd8 36. Qc5 Bf3 37. f5 Qd2 38. Bf4 Qxh2 39. Qe7 Rc8 40. fxg6 fxg6 41. a5 g5 42. Qxg5 Nd7 43. Qe7 Bg4 44. Kb1 Qe2 45. Qb4+ Ka8 46. Re1 Qf2 47. Bxc7 Nc5 48. Bf4 Na6 49. Qc3 Qc5 50. Re5 Qg1+ 51. Kb2 Qg2 52. Ka3 Qg1 53. Be4 Nc5 54. Be3 Nxe4 55. Qd4 1-0

[Event "Verbandsliga Sued Baden 1011"]
[Site "Baden"]
[Date "2011.03.27"]
[Round "8.3"]
[White "Kresovic, Velimir"]
[Black "Steiger, Wolfgang"]
[Result "0-1"]
[WhiteElo "2246"]
[BlackElo "2297"]
[PlyCount "93"]
[EventDate "2010.10.17"]
[EventType "team-tourn"]
[EventRounds "9"]
[EventCountry "GER"]
[SourceTitle "EXT 2012"]
[Source "ChessBase"]
[SourceDate "2011.11.24"]
[SourceVersion "1"]
[SourceVersionDate "2011.11.24"]
[SourceQuality "1"]
[WhiteTeam "Kuppenheim"]
[BlackTeam "Gottmadingen"]
[WhiteTeamCountry "GER"]
[BlackTeamCountry "GER"]

1. e4 c5 2. Nf3 Nc6 3. d4 cxd4 4. Nxd4 Nf6 5. Nc3 e5 6. Ndb5 d6 7. a4 a6 8. Na3 Be6 9. Bc4 Rc8 10. Bg5 Be7 11. Bxf6 Bxf6 12. Nd5 0-0 13. 0-0 Bg5 14. c3 Ne7 15. Qb3 Rb8 16. Rad1 Bg4 17. Ra1 Kh8 18. f3 Bd7 19. Rae1 f5 20. Nxe7 Qxe7 21. Bd5 Rf6 22. exf5 Rxf5 23. Nc4 Bh6 24. Qb6 Rf6 25. Qc7 Rd8 26. Bxb7 Rg6 27. Rf2 Bg5 28. g3 Bxa4 29. Qxe7 Bxe7 30. Ne3 Bb3 31. Bd5 Rb8 32. Ra1 Bg5 33. f4 Bxf4 34. Rxf4 exf4 35. Bxb3 Rxb3 36. Rxa6 h6 37. Nc4 fxg3 38. hxg3 Rxg3+ 39. Kf2 Rg6 40. Ke2 Rb8 41. Nxd6 Kh7 42. c4 Rxb2+ 43. Kd3 Rg4 44. Kc3 Rb1 45. Kc2 Rf1 46. Kc3 h5 47. Ra5 0-1

[Event "Verbandsliga Sued Baden 1011"]
[Site "Baden"]
[Date "2011.01.23"]
[Round "5.3"]
[White "Raeber, Markus"]
[Black "Kresovic, Velimir"]
[Result "0-1"]
[WhiteElo "2196"]
[BlackElo "2246"]
[PlyCount "98"]
[EventDate "2010.10.17"]
[EventType "team-tourn"]
[EventRounds "9"]
[EventCountry "GER"]
[SourceTitle "EXT 2012"]
[Source "ChessBase"]
[SourceDate "2011.11.24"]
[SourceVersion "1"]
[SourceVersionDate "2011.11.24"]
[SourceQuality "1"]
[WhiteTeam "Zaehringen"]
[BlackTeam "Kuppenheim"]
[WhiteTeamCountry "GER"]
[BlackTeamCountry "GER"]

1. d4 Nf6 2. Nf3 c5 3. d5 d6 4. Nc3 g6 5. e4 a6 6. a4 Bg7 7. Nd2 0-0 8. Be2 e6 9. dxe6 Bxe6 10. Nc4 d5 11. exd5 Nxd5 12. Nxd5 Bxd5 13. 0-0 Nc6 14. c3 Re8 15. Be3 Ne5 16. Nxe5 Bxe5 17. Bf3 Bxf3 18. Qxf3 Qc7 19. h4 h5 20. Rfd1 Rad8 21. Rd5 Rxd5 22. Qxd5 Bf6 23. Qc4 Qc6 24. Rd1 Re4 25. Qxc5 Qxa4 26. Re1 Qd7 27. g3 Bxh4 28. Kg2 Be7 29. Qa7 Bf8 30. Qb8 Re8 31. Qf4 Qb5 32. c4 Qc6+ 33. Kh2 Bg7 34. b3 Re4 35. Qg5 h4 36. Qd8+ Kh7 37. f3 Bf6 38. Qf8 hxg3+ 39. Kg2 Qe6 40. Rh1+ Rh4 41. Rxh4+ Bxh4 42. Qh6+ Kg8 43. Qxh4 Qxe3 44. Qd8+ Kg7 45. Kxg3 Qe5+ 46. Kg2 Qe6 47. Qd4+ f6 48. b4 Qe2+ 49. Kg3 Qe5+ 0-1

[Event "Verbandsliga Sued Baden 0910"]
[Site "Germany"]
[Date "2010.03.28"]
[Round "8.3"]
[White "Adler, Heiko"]
[Black "Kresovic, Velimir"]
[Result "0-1"]
[WhiteElo "2064"]
[BlackElo "2246"]
[PlyCount "62"]
[EventDate "2009.10.11"]
[EventType "team-tourn"]
[EventRounds "9"]
[EventCountry "GER"]
[SourceTitle "EXT 2011"]
[Source "ChessBase"]
[SourceDate "2010.11.26"]
[SourceVersion "1"]
[SourceVersionDate "2010.11.26"]
[SourceQuality "1"]
[WhiteTeam "Oberwinden"]
[BlackTeam "Kuppenheim"]
[WhiteTeamCountry "GER"]
[BlackTeamCountry "GER"]

1. e4 c5 2. Nf3 e6 3. d4 cxd4 4. Nxd4 Nf6 5. Nc3 d6 6. Bg5 a6 7. Qd2 Nc6 8. 0-0-0 Bd7 9. f4 b5 10. a3 Be7 11. Bxf6 gxf6 12. f5 Qb6 13. Nce2 Rc8 14. Kb1 b4 15. a4 Nxd4 16. Nxd4 e5 17. Nf3 Bxa4 18. b3 Bc6 19. Bd3 a5 20. Rhe1 a4 21. Bc4 axb3 22. cxb3 Ra8 23. Qb2 Ra5 24. Bd5 0-0 25. Qc2 Bxd5 26. Rxd5 Ra3 27. Qc4 Rfa8 28. Re2 Bf8 29. Rb5 Rxb3+ 30. Qxb3 Qxb5 31. Rb2 Qf1+ 0-1

[Event "Verbandsliga Sued Baden 0809"]
[Site "Germany"]
[Date "2009.04.19"]
[Round "9.3"]
[White "Kresovic, Velimir"]
[Black "Leutwyler, Martin"]
[Result "0-1"]
[WhiteElo "2256"]
[BlackElo "2199"]
[PlyCount "96"]
[EventDate "2008.09.28"]
[EventType "team"]
[EventRounds "9"]
[EventCountry "GER"]
[SourceTitle "EXT 2010"]
[Source "ChessBase"]
[SourceDate "2010.11.25"]
[SourceVersion "1"]
[SourceVersionDate "2010.11.25"]
[SourceQuality "1"]
[WhiteTeam "Kuppenheim"]
[BlackTeam "Gottmadingen"]
[WhiteTeamCountry "GER"]
[BlackTeamCountry "GER"]

1. e4 Nf6 2. e5 Nd5 3. d4 d6 4. Nf3 dxe5 5. dxe5 Bg4 6. Be2 e6 7. h3 Bxf3 8. Bxf3 c6 9. 0-0 Nd7 10. Qe2 Qc7 11. Bxd5 cxd5 12. Bf4 h6 13. Nc3 Qc4 14. Qf3 g5 15. Bg3 Bb4 16. Rad1 Bxc3 17. bxc3 Qxa2 18. Rd4 Qxc2 19. c4 Nb6 20. Qf6 0-0 21. f4 Qg6 22. fxg5 Qxf6 23. gxf6 Kh7 24. cxd5 Nxd5 25. Rh4 b5 26. Ra1 Rg8 27. Be1 Rg6 28. Bd2 a6 29. Kh1 Nc7 30. Rd4 Nd5 31. Rh4 Nb6 32. Rd4 Ra7 33. Bb4 Nd5 34. Bd2 Nb6 35. Bb4 Rg5 36. Bc5 Rb7 37. Rxa6 Nc4 38. Ra8 Nxe5 39. Rdd8 Kg6 40. Be7 Nc6 41. Rg8+ Kf5 42. g4+ Ke4 43. Rgf8 Ne5 44. Rh8 Nc6 45. Bf8 b4 46. Bxh6 b3 47. Ra1 b2 48. Rb1 Ra5 0-1